|
|
|
|
| LEADER |
00000nab a2200000 ar4500 |
| 001 |
vtls009521864 |
| 003 |
SK-MaSNL |
| 005 |
20260303060806.0 |
| 008 |
090604c20090416xo |||||||| 000 b|hun |
| 015 |
|
|
|a SNBRB2009/04
|2 snkbucl
|
| 038 |
|
|
|a SNKBUCL
|
| 040 |
|
|
|a DSZK
|b slo
|c DSZK
|e AACR2
|
| 041 |
0 |
|
|a hun
|
| 044 |
|
|
|a xo
|c SK
|
| 080 |
|
|
|a 821.511.141 (437.6)-92=511.141
|2 2001
|
| 100 |
1 |
|
|a Miklósi, Péter,
|d 1946-
|4 aut
|
| 245 |
1 |
0 |
|a Zutty
|c Miklósi Péter
|
| 650 |
0 |
7 |
|a publicistické glosy, maďarské
|2 snkbucl
|9 73730
|
| 773 |
0 |
|
|t Új szó
|g Évf. 62, sz. 87 (16.4.2009), o. 7
|x 1335-7050
|
| 852 |
|
|
|a SNK
|b KIS3GCP
|
| 852 |
|
|
|a DSZK
|b KIS3GCP
|
| 958 |
|
|
|a HU
|
| 958 |
|
|
|a SK
|
| 958 |
|
|
|a LX
|
| 999 |
|
|
|c 1732955
|d 1734885
|